| 000 | 00849nam a2200265 a 4500 | ||
|---|---|---|---|
| 001 | 43904 | ||
| 003 | BD-RjUL | ||
| 005 | 20211209053753.0 | ||
| 008 | 160629s19641949enk 001 0 eng d | ||
| 035 | _a(BD-RjUL)44022 | ||
| 040 |
_aVCAV _beng _cVCAV _dXNTU _dBD-RjUL |
||
| 041 | _aeng | ||
| 082 | 0 | 4 |
_a370.942 _223 _bSME 1964 |
| 100 | 1 | 0 |
_aSmith, W. O. Lester _q(William Owen Lester), _d1888- _9133285 |
| 245 | 1 | 0 |
_aEducation in Great Britain / _c W. O. Lester Smith |
| 250 | _a4th ed. | ||
| 260 |
_aLondon : _aNew York : _bOxford University Press, _cc1964 |
||
| 300 |
_a220 p. ; _c17 cm. |
||
| 500 | _aInclude index | ||
| 650 | 0 |
_aEducation _zGreat Britain. _9134895 |
|
| 856 |
_3Home university library of modern knowledge _u210 |
||
| 942 |
_2ddc _cBK |
||
| 999 |
_c43904 _d43904 |
||